Maiores cidades brasileiras com nomes de santos! - Statistics

Estatísticas Gerais
  • Esse quiz foi jogado 257 vezes
  • A pontuação média é 19 de 39
Estatísticas das Respostas
População Estado Cidade % Correto
12.000.000 de habitantes SP São Paulo
98%
240.000 habitantes SC São José
87%
176.000 habitantes MA São José de Ribamar
87%
450.000 habitantes SP São José do Rio Preto
87%
700.000 habitantes SP São José dos Campos
87%
310.000 habitantes SP São José dos Pinhais
87%
1.100.000 de habitantes MA São Luís
82%
715.000 habitantes SP Santo André
77%
830.000 habitantes SP São Bernardo do Campo
77%
1.050.000 de habitantes RJ São Gonçalo
75%
101.000 habitantes RN São Gonçalo do Amarante
75%
3.000.000 de habitantes BA Salvador
73%
160.000 habitantes SP São Caetano do Sul
70%
280.000 habitantes RS Santa Maria
69%
460.000 habitantes RJ São João de Meriti
68%
540.000 habitantes GO Aparecida de Goiânia
56%
630.000 habitantes BA Feira de Santana
54%
435.000 habitantes SP Santos
54%
900.000 habitantes RN Natal
51%
360.000 habitantes RJ São Vicente
48%
103.000 habitantes BA Santo Antônio de Jesus
47%
245.000 habitantes SP São Carlos
46%
115.000 habitantes AP Santana
45%
132.000 habitantes SP Santana de Parnaíba
45%
192.000 habitantes SP Santa Bárbara d'Oeste
35%
220.000 habitantes MG Santa Luzia
34%
130.000 habitantes ES São Mateus
33%
136.000 habitantes PA Santa Rita
30%
230.000 habitantes RS São Leopoldo
28%
105.000 habitantes PE Santa Cruz do Capibaribe
22%
128.000 habitantes RS Santa Cruz do Sul
22%
140.000 habitantes PE Vitória de Santo Antão
20%
205.000 habitantes PE Cabo de Santo Agostinho
16%
112.000 habitantes PE São Lourenço da Mata
13%
375.000 habitantes GO Anápolis
12%
182.000 habitantes SE Nossa Senhora do Socorro
11%
125.000 habitantes PA São Félix do Xingu
8%
240.000 habitantes MG Divinópolis
7%
122.000 habitantes GO Trindade
6%
Nenhum quiz correspondente encontrado
Distribuição das Pontuações
Porcentagem de Pessoas com Cada Pontuação
Percentil de Números Respondidos
Sua Pontuação Histórica
Você não jogou esse quiz